Normal view MARC view
  • MUKHERJEE, P.K

Entry Personal Name

Number of records used in: 1

001 - CONTROL NUMBER

  • control field: 8429

003 - CONTROL NUMBER IDENTIFIER

  • control field: JRU

005 - DATE AND TIME OF LATEST TRANSACTION

  • control field: 20240603144426.0

008 - FIXED-LENGTH DATA ELEMENTS

  • fixed length control field: 240603|| aca||aabn | a|a d

040 ## - CATALOGING SOURCE

  • Original cataloging agency: JRU
  • Transcribing agency: JRU

100 ## - HEADING--PERSONAL NAME

  • Personal name: MUKHERJEE, P.K

670 ## - SOURCE DATA FOUND

  • Source citation: Work cat.: (JRU)8521: MUKHERJEE, P.K, CODE OF CRIMINAL PROCEDURE 1973, 2005